000 00953nam a22002537a 4500
005 20170124103026.0
010 _aA-103372
020 _c15.00
035 _aA-103372
037 _bCen Lib/Ret
040 _aDPL
_bHN
082 _a
_bशुलाअ
100 _aशुक्ल, अशोक
_962203
245 _aहड़ताल हरिकथा /
_cअशोक शुक्ल
246 _aHarhtal harikatha /
_bby Ashok Shukla
260 _aदिल्ली
_bपराग प्रकाशन
_c1982
270 _bदिल्ली
_a3/९९४, कर्ण गली, विश्वास नगर, शहादरा
_e110002
300 _a102पृ.
_c17सेमी(सजिल्द)
650 _aहिन्दी साहित्य
_962204
650 _aउपन्यास
_962205
650 _aHindi literature
_962206
650 _aFiction
_98901
942 _2ddc
_cHN
_h
_mशुलाअ
999 _c115600
_d115600